| 000 | 00663nam a2200205 a 4500 | ||
|---|---|---|---|
| 001 | 000041712 | ||
| 005 | 20201002035719.0 | ||
| 008 | 131016s1969 sp a 000 0 spa d | ||
| 040 |
_aDO-SdBNP _bspa _cBNPHU |
||
| 082 |
_axxxxx _bxxxxx |
||
| 100 | 1 |
_aCerdá Massó, Ramón _968534 |
|
| 245 | 1 | 0 |
_aLinguística, hoy. : _bRamón Cerdá Massó , prólogo A. M. Badía Margarit. |
| 260 |
_aBarcelona : _bTeide, _c1969. |
||
| 300 |
_a158 p. : _bil. ; _c19 cm. |
||
| 490 | 1 |
_aHay que saber _v4 |
|
| 500 | _aÍncluye índice alfabético | ||
| 504 | _aBibliografías : p. 153-154 | ||
| 700 | 1 |
_aBadía Margarit, A. M., _epról. _968535 |
|
| 830 | 0 |
_aHay que saber _n4 _968536 |
|
| 999 |
_c41201 _d41201 |
||